000 00519 a2200145 4500
999 _c9187
_d9187
020 _a9780199357116
050 _aKZ7162 ZAN.2014
100 _aZawati, Hilmi M.
_eauthor
245 _aFair labelling and the Delimma of Prosecuting gender - based crimes ata the international criminal tribunals
_cHilmi M. Zawati
264 _aNew York :
_bOxford University Press,
_c2014
300 _a228p.
500 _aIncludes bibliographical references and index
650 _aCrimes and prosecuting
942 _2lcc
_cBK
_h7162
_iZAW
_kKZ